000 00576nam a22001817a 4500
003 UA-OsUOA
001 19557
007 ta
008 20040902b un ||||| |||| 00| 0 ukr d
100 _aЧайка В.
942 _cSA
040 _aUA-OsUOA
_cUA-OsUOA
_dUA-OsUOA
245 _aУсе нам під силу
_b[Розмова з міськ. головою Рівного В.Чайкою]/Записав В.Герус
300 _aС.1-2
955 _a0
773 0 _w0
_tСім днів
_dРівне
_d2004
_g№34/20 серп./
650 7 _aВиконавча влада
_2UDC
999 _c305728
_d305728